Score 0/7 Timer 03:00
1 Play Today
Question Answer Wrong Answers
The last ______ trial held in the United States begins in Salem, Massachusetts, after Lucretia Brown accused Daniel Spofford of attempting to harm her through his mental powers.
1878
Witchcraft
98.1%
Treason
0.6%
Show
0.5%
Non-Jury
0.8%
This American computer programmer and businessman, the co-founder of Facebook, is born.
1984
Mark Zuckerberg
93.1%
Sean Parker
1%
Elon Musk
0.9%
Larry Page
1.4%
The final episode of this television ‘show about nothing’ airs on NBC.
1998
Seinfeld
83.3%
Everybody Loves Raymond
3%
Friends
8.3%
The Nanny
1.6%
Eight Communist bloc countries, including the Soviet Union, sign a mutual defense treaty called this.
1955
Warsaw Pact
81%
Pact of Steel
2.3%
Treaty of Moscow
7.3%
Eastern Bloc Joint Declaration
6.6%
Nigerian President Goodluck Jonathan declares a state of emergency in the northeast states of Borno, Yobe and Adamawa due to the activities of this terrorist group.
2013
Boko Haram
75.3%
Al-Qaeda‎
15.2%
Lord's Resistance Army‎
3.8%
Hofstad Network
1.6%
______, the United States’ first space station, is launched.
1973
Skylab
62.9%
Mir
9.4%
International Space Station
19.1%
Freedom
5.3%
Israel is declared to be an independent state and a provisional government is established. Immediately after the declaration, Israel is attacked by neighboring Arab states, triggering this war.
1948
Arab–Israeli War
44.1%
Six-Day War
29%
Yom Kippur War
22.3%
War of Attrition
3%
Remove Ads.
Support Sporcle.
Get the best of Sporcle when you Go Orange. This ad-free experience offers more features, more stats, and more fun while also helping to support Sporcle. Thank you for becoming a member.

You're not logged in!

Compare scores with friends on all Sporcle quizzes.
OR
Log In

Show Comments

Extras

Top Quizzes Today


Score Distribution

Your Account Isn't Verified!

In order to create a playlist on Sporcle, you need to verify the email address you used during registration. Go to your Sporcle Settings to finish the process.

Report this User

Report this user for behavior that violates our Community Guidelines.

Details: